| 000 | 00802cam a2200217 4500 | ||
|---|---|---|---|
| 001 | ABS62554 | ||
| 008 | 000000n2000 000 0 eng u | ||
| 035 | _a(Sirsi) u107030 | ||
| 100 | _aGarner, R. | ||
| 245 | _aAllowing for continuous compounding | ||
| 260 | _c2000 | ||
| 490 |
_aInsight _v2(9) June 2000, 14-15(2) |
||
| 520 | _aDiscusses the issue of continuous compounding in property valuation. Compounding is a term used to describe growth patterns which underpin commercial property valuations. Examples. | ||
| 590 | _aABS | ||
| 650 | _aCONTINUOUS COMPOUNDING | ||
| 650 | _aGROWTH PATTERNS | ||
| 650 | _aPROPERTY-COMMERCIAL PROPERTY-COMMERCIAL PROPERTY APPRAISAL AND VALUATION | ||
| 650 | _aVALUATION METHODS | ||
| 690 | _aVALUATION AND INVESTMENT APPRAISAL-COMMERCIAL | ||
| 942 | _n0 | ||
| 999 |
_c63998 _d63998 |
||